00695nam a22002177a 4500003001100000005001700011008004100028020001500069040003900084041000800123082001600131100002100147245005200168260003900220300007500259650001200334650001800346942000700364952009100371999001500462LK-CoMWRAF20231206121728.0230925b1999 |||||||| |||| 00| 0 eng d a1559635649 aLK-CoMWRAFdLK-CoMWRAFeLK-CoMWRAF aeng a582.13bBER aBernhardt, Peter aThe Rose's Kiss: bA Natural History of Flowers aWashington: bIsland Press,c1999 a267 p. : ill., map ; 22 cm.bBibliography, glossary and index included aFLOWERS aPlant ecology cBK 00104070aMAINbMAINd2023-09-25l0o582.13 BERpRAF1503r2023-09-25w2023-09-25yBK c3663d3663